[Event "Ch Hungary (team) 1997/98"]
[Site "masterchessopen.com - Hungary"]
[Round "0"]
[White "Peter Ambrus (HUN)"]
[Black "Horvath Tamas I (HUN)"]
[Result "1-0"]
[WhiteElo "2405"]
[BlackElo "2318"]

1.d4 Nf6 2.c4 e6 3.Nf3 c5 4.d5 exd5 5.cxd5 d6 6.Nc3 g6 7.Nd2 Bg7 8.e4 O-O
9.Be2 Na6 10.O-O Re8 11.f3 Nc7 12.a4 b6 13.Kh1 Rb8 14.Nc4 Ba6 15.Bg5 h6 16.Be3
Bxc4 17.Bxc4 Nd7 18.Qd2 Kh7 19.Rab1 a6 20.b4 b5 21.Be2 Nb6 22.bxc5 Bxc3
23.Qxc3 Nxa4 24.Qd2 Nxc5 25.Bxh6 f6 26.Be3 Na8 27.Qe1 Kg7 28.Qg3 Rc8 29.Bf4
Nb7 30.Rfc1 Qd7 31.Bd3 g5 32.h4 Rh8 33.Kg1 Nc5 34.Rxc5 Rxc5 35.hxg5 {#r} 1-0

[Event "Ch Hungary (team) 2007/08"]
[Site "masterchessopen.com - Hungary"]
[Date "2008.03.30"]
[Round "9"]
[White "Markus Robert (SRB)"]
[Black "Szuk Balazs (HUN)"]
[Result "1-0"]
[WhiteElo "2616"]
[BlackElo "2416"]

1.d4 Nf6 2.c4 g6 3.Nc3 Bg7 4.e4 d6 5.Nf3 O-O 6.Be2 c5 7.d5 e6 8.O-O exd5
9.cxd5 Re8 10.Nd2 Na6 11.f3 Nc7 12.a4 b6 13.Kh1 Rb8 14.Nc4 Ba6 15.Rb1 Qe7
16.Bg5 h6 17.Bh4 Qf8 18.Qd2 Nd7 19.Bg3 Bxc4 20.Bxc4 Ne5 21.Be2 f5 22.Rbe1 fxe4
23.Nxe4 b5 24.Qa5 Nxd5 25.Bxb5 Re6 26.f4 Ng4 27.Bd7 Rxe4 28.Rxe4 Nge3 29.Re1
Kh7 30.R1xe3 Nxe3 31.Rxe3 Rxb2 32.h4 Qa8 33.Bh3 Qd5 34.Kh2 Qd4 35.Rf3 Qe4
36.Rf2 Rxf2 37.Bxf2 c4 38.h5 c3 39.hxg6+ Kxg6 40.f5+ Kh7 41.f6 Qf4+ 42.Bg3
Qxf6 43.Qf5+ Qg6 44.Qf1 Kh8 45.Qc4 Qe8 46.Bf2 d5 47.Qc5 Be5+ 48.g3 Qg8 49.Kg2
h5 50.Bf5 Kg7 51.Qe7+ {#r} 1-0

[Event "Tournament"]
[Site "masterchessopen.com - Internet"]
[Date "2006.01.28"]
[Round "3"]
[White "Drozdovskij Yuri (UKR)"]
[Black "Kalinin Oleg (UKR)"]
[Result "0-1"]
[WhiteElo "2561"]
[BlackElo "2337"]

1.d4 Nf6 2.c4 c5 3.d5 e6 4.Nc3 exd5 5.cxd5 d6 6.Nf3 g6 7.Nd2 Bg7 8.e4 O-O
9.Be2 Re8 10.O-O Na6 11.f3 Nc7 12.a4 b6 13.Nc4 Ba6 14.Bg5 h6 15.Bh4 Qd7 16.Qd2
Bxc4 17.Bxc4 a6 18.Bd3 b5 19.b3 Nh5 20.Rae1 g5 21.Bf2 Nf4 22.Bc2 Rab8 23.Nd1
b4 24.Bd3 a5 25.Bc4 Be5 26.Qc2 f5 27.exf5 Kg7 28.Ne3 h5 29.h4 Qd8 30.f6+ Qxf6
31.hxg5 Qxg5 32.Bh4 Qg6 33.Qxg6+ Kxg6 34.g3 Bd4 35.gxf4 Bxe3+ 36.Kg2 Bxf4
37.Re4 Rxe4 38.fxe4 Be5 39.Rf5 Ne8 40.Be2 Ng7 41.Rf1 Re8 42.Bb5 Rg8 43.Kh3 Kh6
44.Bd7 Kg6 45.Rg1+ Kh7 46.Rf1 Ra8 47.Rf7 Kg6 48.Re7 Bf6 49.Bf5+ Nxf5 50.exf5+
Kxf5 51.Rf7 Ke4 52.Rxf6 Kxd5 53.Bg3 Rd8 54.Rf5+ Kd4 55.Rxh5 Kc3 56.Rh6 Kxb3
57.Bxd6 c4 58.Bc7 Rd3+ 59.Kg4 c3 60.Bf4 c2 61.Rc6 Rc3 62.Ra6 Kxa4 63.Kf5 c1=Q
64.Bxc1 Rxc1 65.Ke4 b3 66.Kd3 b2 67.Rb6 b1=Q+ 68.Rxb1 Rxb1 69.Kc2 Rb4 70.Kc3
Ka3 71.Kd3 Ka2 72.Kc3 Ka1 73.Kc2 Ka2 74.Kc3 Rb3+ 75.Kc2 a4 76.Kd2 a3 77.Kc2
Rb8 78.Kd2 Kb2 79.Kd3 a2 80.Kc4 a1=Q 81.Kc5 Qc1+ 82.Kd6 Rd8+ 83.Ke7 Rd2 84.Ke6
Qe1+ 85.Kf7 Rf2+ 86.Kg8 Qg1+ 87.Kh8 Rh2# 0-1

[Event "Memorial I.Ermolaev (open)"]
[Site "masterchessopen.com - Irkutsk (Russia)"]
[Date "2009.07.07"]
[Round "4"]
[White "Trapeznikova Darya (RUS)"]
[Black "Belomestnykh Afanasy (RUS)"]
[Result "1-0"]
[WhiteElo "1979"]
[BlackElo "1830"]

1.d4 Nf6 2.Nf3 e6 3.c4 c5 4.d5 exd5 5.cxd5 d6 6.Nc3 g6 7.e4 Bg7 8.Be2 O-O
9.Nd2 Re8 10.O-O Na6 11.f3 Nc7 12.a4 b6 13.Nc4 Ba6 14.Rb1 Rb8 15.b4 Bxc4
16.Bxc4 Nd7 17.Ne2 Ne5 18.Ba2 Na6 19.Bd2 cxb4 20.Bxb4 Nxb4 21.Rxb4 Rc8 22.Nd4
Rc5 23.f4 a5 24.Ne6 fxe6 25.dxe6 Re7 26.fxe5 Bxe5 27.Rb3 Rc3 28.Rxc3 Bxc3
29.Qc1 Bd4+ 30.Kh1 Kg7 31.h3 Be5 32.Qc6 Qc7 33.Qa8 Bf6 34.e5 dxe5 35.Qf3 h6
36.Qxf6+ Kh7 37.Qxe7+ Qxe7 38.Rf7+ Qxf7 39.exf7 Kg7 40.Kg1 g5 41.Kf2 h5 42.Ke3
{#r} 1-0

[Event "It (open)"]
[Site "masterchessopen.com - Isle of Lewis (Scotland)"]
[Round "0"]
[White "Stewart Kenneth (SCO)"]
[Black "Lieb Harald (GER)"]
[Result "1-0"]
[WhiteElo "2115"]
[BlackElo "2255"]

1.d4 Nf6 2.c4 c5 3.d5 e6 4.Nc3 exd5 5.cxd5 d6 6.e4 g6 7.Nf3 Bg7 8.Be2 O-O
9.O-O Re8 10.Nd2 Na6 11.f3 Rb8 12.a4 Nc7 13.Nc4 Bf8 14.Bg5 h6 15.Be3 b6 16.Qd2
Kh7 17.g4 a6 18.g5 Ng8 19.gxh6 b5 20.axb5 axb5 21.Na5 Bd7 22.Kh1 b4 23.Nd1 Re5
24.Nf2 Rh5 25.f4 Rh4 26.f5 Bxh6 27.fxg6+ fxg6 28.Nc6 Bxe3 29.Qxe3 Bxc6 30.dxc6
Ne7 31.Ng4 Nxc6 32.Nf6+ Kg7 33.Qg3 Rh6 34.Ng4 Rh4 35.Bc4 Qg5 36.Rf7+ Kh8
37.Qxd6 Ne8 38.Qf8# 1-0

[Event "Ch Balkan Countries"]
[Site "masterchessopen.com - Istanbul (Turkey)"]
[Round "2"]
[White "Mitkov Marjan (MKD)"]
[Black "Erdogan Hakan (TUR)"]
[Result "1-0"]
[WhiteElo "2413"]
[BlackElo "2292"]

1.d4 Nf6 2.Nf3 e6 3.c4 c5 4.d5 exd5 5.cxd5 d6 6.Nc3 g6 7.e4 Bg7 8.Be2 O-O
9.O-O Re8 10.Nd2 Na6 11.f3 Nc7 12.a4 b6 13.Nc4 Rb8 14.Bf4 Bf8 15.Qd2 Ba6
16.Rfe1 Qd7 17.e5 Bxc4 18.Bxc4 Nh5 19.e6 fxe6 20.dxe6 Nxe6 21.Ne4 Kh8 22.Bxd6
Nd4 23.Bxb8 Rxe4 24.Qd3 Rh4 25.Re4 Rxe4 26.Qxe4 Nf6 27.Be5 Bg7 28.Qf4 Ng8
29.Qf8 {#r} 1-0

[Event "Ch Italy"]
[Site "masterchessopen.com - Italy"]
[Round "0"]
[White "Guanciale Orazio (ITA)"]
[Black "Gagliardi Pietro (ITA)"]
[Result "1-0"]
[WhiteElo "2172"]
[BlackElo "2182"]

1.d4 Nf6 2.c4 c5 3.d5 e6 4.Nc3 exd5 5.cxd5 d6 6.Nf3 g6 7.e4 Bg7 8.Be2 O-O
9.O-O Re8 10.Nd2 Na6 11.f3 Nc7 12.a4 b6 13.Nc4 Ba6 14.Qc2 Rb8 15.Bg5 h6 16.Bh4
Qd7 17.b3 g5 18.Bf2 Bxc4 19.bxc4 Qe7 20.Rab1 Nd7 21.Rfe1 Ne5 22.Nd1 a6 23.Ne3
Qd7 24.Nf5 Bf8 25.h4 f6 26.g3 b5 27.cxb5 axb5 28.f4 Nf7 29.axb5 Rb6 30.Qb2 Bg7
31.Bc4 Bh8 32.Re3 Ra8 33.Ra3 Rbb8 34.Be1 Kh7 35.Ba5 gxf4 36.gxf4 Rg8+ 37.Kh2
{#r} 1-0

[Event "Ch Europe (team)"]
[Site "masterchessopen.com - Kapfenberg (Austria)"]
[Round "0"]
[White "Kolarov Atanas S (BUL)"]
[Black "Holm Sejer (DEN)"]
[Result "1-0"]
[WhiteElo "2415"]
[BlackElo "2222"]

1.d4 Nf6 2.c4 c5 3.d5 e6 4.Nc3 exd5 5.cxd5 d6 6.e4 g6 7.Nf3 Bg7 8.Be2 O-O
9.Nd2 Re8 10.O-O Na6 11.f3 Nc7 12.a4 Nd7 13.Nc4 Ne5 14.Ne3 f5 15.exf5 gxf5
16.f4 Nf7 17.Kh1 Qf6 18.Bd2 Bd7 19.Rf3 Nh6 20.Rg3 Re7 21.Qc2 Kh8 22.Rf1 Rae8
23.Bh5 Rb8 24.Ncd1 b5 25.Bc3 Qf8 26.b3 bxa4 27.bxa4 Bxc3 28.Qxc3+ Rg7 29.Nb2
Rb4 30.Nbc4 Rxa4 31.Nxd6 Nb5 32.Nxb5 Bxb5 33.Rd1 Ng4 34.Bxg4 fxg4 35.f5 h5
36.d6 Bd7 37.h3 Kg8 38.Qxc5 gxh3 39.Rxh3 Qf7 40.Qe5 {#r} 1-0

[Event "It (open)"]
[Site "masterchessopen.com - Katowice (Poland)"]
[Round "0"]
[White "Matlak Marek (POL)"]
[Black "Krzywicki Dariusz (POL)"]
[Result "1-0"]
[WhiteElo "2486"]
[BlackElo "2202"]

1.d4 Nf6 2.Nf3 c5 3.d5 e6 4.c4 exd5 5.cxd5 g6 6.Nc3 d6 7.Nd2 Bg7 8.e4 O-O
9.Be2 Re8 10.O-O Na6 11.f3 Nc7 12.a4 b6 13.Nc4 Ba6 14.Bg5 Qd7 15.Rb1 h6 16.Be3
Bxc4 17.Bxc4 a6 18.Qd3 Nh7 19.b4 Rab8 20.bxc5 bxc5 21.a5 f5 22.Rb6 Ng5 23.Rfb1
Ra8 24.Bf2 fxe4 25.Nxe4 Nxe4 26.fxe4 Kh7 27.Rb7 Qc8 28.R1b6 Rd8 29.Bg3 Ne8
30.e5 dxe5 31.Qxg6+ Kh8 32.Rxg7 Nxg7 33.Qxh6+ Kg8 34.d6+ {#r} 1-0

[Event "Ch World (juniors) (under 14) (g)"]
[Site "masterchessopen.com - Kemer (Turkey)"]
[Date "2007.11.18"]
[Round "1"]
[White "De La Parra Hurtado Daniela (MEX)"]
[Black "Camacho Chardine Cheradee (PHI)"]
[Result "0-1"]
[WhiteElo "1739"]
[BlackElo "2094"]

1.d4 Nf6 2.c4 c5 3.d5 e6 4.Nc3 exd5 5.cxd5 d6 6.e4 g6 7.Be2 Bg7 8.Nf3 O-O
9.O-O Re8 10.Nd2 Na6 11.f3 Nc7 12.a4 b6 13.Nc4 Ba6 14.Bf4 Nh5 15.Nxd6 Bxc3
16.Nxe8 Nxf4 17.Nxc7 Bxe2 18.Qc2 Bd4+ 19.Kh1 Bxf1 20.Rxf1 Qxc7 21.Rd1 Qe5
22.Rb1 Nh5 23.b3 Ng3+ {#R} 0-1

[Event "Ch City"]
[Site "masterchessopen.com - Kemerovo (Russia)"]
[Date "2009.03.17"]
[Round "2"]
[White "Mikhailov Vladimir (RUS)"]
[Black "Denisov Nikolay (RUS)"]
[Result "1-0"]
[WhiteElo "1972"]
[BlackElo "2121"]

1.d4 c5 2.d5 e6 3.c4 exd5 4.cxd5 Nf6 5.Nc3 g6 6.Nf3 Bg7 7.e4 O-O 8.Be2 Re8
9.Nd2 d6 10.O-O Na6 11.f3 Nc7 12.a4 a6 13.Nc4 Rb8 14.Bf4 Bf8 15.a5 Nb5 16.Nxb5
axb5 17.Nb6 Bd7 18.Bg5 Bg7 19.Qd2 Qc7 20.Rae1 c4 21.Be3 Re7 22.Bd4 Ne8 23.Rc1
f5 24.b3 fxe4 25.bxc4 exf3 26.Bxf3 bxc4 27.Nxc4 Bb5 28.Ne5 Qd8 29.Bb6 Nc7
30.Nc4 Qd7 31.Qb4 Ne8 32.Rfe1 Rxe1+ 33.Rxe1 Bxc4 34.Qxc4 Rc8 35.Qg4 Qxg4
36.Bxg4 Ra8 37.Re7 Rb8 38.Be6+ Kh8 39.Kf1 Bf6 40.Rf7 Bc3 41.Ke2 Ng7 42.Kd3 Be5
43.g3 Nxe6 44.dxe6 Re8 45.Rxb7 Rxe6 46.a6 d5 47.a7 Re8 48.Bd4 {#r} 1-0

[Event "Ch Ukraine (juniors) (under 12)"]
[Site "masterchessopen.com - Kiev (Ukraine)"]
[Round "0"]
[White "Soldatov Roman (UKR)"]
[Black "Oleksienko Mikhailo (UKR)"]
[Result "1-0"]
[WhiteElo "2222"]
[BlackElo "2563"]

1.d4 Nf6 2.c4 c5 3.d5 e6 4.Nc3 exd5 5.cxd5 d6 6.e4 g6 7.Be2 Bg7 8.Nf3 O-O
9.O-O Re8 10.Nd2 Na6 11.f3 Nc7 12.a4 Nd7 13.Nc4 Ne5 14.Be3 Nxc4 15.Bxc4 Rb8
16.Qd2 Bf6 17.Rfe1 b6 18.Bf2 a6 19.f4 b5 20.axb5 axb5 21.Bf1 b4 22.Na4 Bg7
23.e5 dxe5 24.d6 Be6 25.fxe5 c4 26.Bb6 Rxb6 27.Nxb6 Nb5 28.Qf2 Qg5 29.Nxc4 f6
30.Nb6 fxe5 31.Bxb5 Rf8 32.Ra8 Rxa8 33.Nxa8 Qd8 34.Nc7 Qxd6 35.Nxe6 Qxe6
36.Qc5 Qf5 37.Rf1 Qg5 38.Qc8+ Qd8 39.Bc4+ Kh8 40.Qxd8+ Bf8 41.Qxf8# 1-0

[Event "?"]
[Site "masterchessopen.com - Kikinda (Yugoslavia)"]
[Round "0"]
[White "Farago Ivan (HUN)"]
[Black "Lim Seng-Hoo (SIN)"]
[Result "0-1"]
[WhiteElo "2510"]
[BlackElo "2440"]

1.d4 Nf6 2.c4 e6 3.Nf3 c5 4.d5 exd5 5.cxd5 d6 6.Nc3 g6 7.e4 Bg7 8.Be2 O-O
9.O-O Re8 10.Nd2 Na6 11.f3 Nc7 12.a4 b6 13.Nc4 Ba6 14.Bg5 h6 15.Bh4 Qd7 16.g4
Nxg4 17.fxg4 Bxc3 18.bxc3 Rxe4 19.h3 Bxc4 20.Bxc4 Rxc4 21.Qd2 Rxg4+ 22.hxg4
Qxg4+ 23.Qg2 Qxh4 24.Rf3 Re8 25.Raf1 Re7 26.Rf6 Ne8 27.R6f4 Qg5 28.Rg4 Qe3+
29.Qf2 Qxf2+ 30.Rxf2 Kg7 31.c4 Nf6 {#R} 0-1

[Event "Ch URS (1/2 final)"]
[Site "masterchessopen.com - Kirovabad (Azerbaijan)"]
[Round "0"]
[White "Bagirov Vladimir (LAT)"]
[Black "Sorokin B (RUS)"]
[Result "1-0"]
[WhiteElo "2520"]
[BlackElo "1981"]

1.d4 Nf6 2.c4 c5 3.d5 e6 4.Nc3 exd5 5.cxd5 d6 6.Nf3 g6 7.Nd2 Bg7 8.e4 O-O
9.Be2 Re8 10.O-O Na6 11.f3 Nc7 12.a4 Nd7 13.Kh1 b6 14.Nc4 Ne5 15.Ne3 f5
16.exf5 gxf5 17.f4 Ng6 18.Bd3 Rf8 19.Bd2 Na6 20.Qb1 Qf6 21.Nb5 Qxb2 22.Qxb2
Bxb2 23.Rab1 Bd4 24.Nc2 Bg7 25.Nxd6 Nc7 26.Nxc8 Raxc8 27.d6 Rcd8 28.Bc4+ Kh8
29.dxc7 Rxd2 30.Ne3 Ne7 31.Rbd1 Rd4 32.Bb5 Rc8 33.Nc2 Rxc7 34.Nxd4 Bxd4 35.Bc4
Kg7 36.Rde1 Bf6 37.Rf3 Rd7 38.Rd3 Bd4 39.Re6 Ng6 40.g3 Re7 41.Rxe7+ Nxe7
42.Rd1 Nc6 43.Kg2 Kf6 44.Kf3 Na5 45.Bb5 Nb7 46.Ke2 Nd6 47.Kd3 Ne4 48.Re1 h5
49.Bc6 Bf2 50.Re2 h4 51.g4 Bg1 52.Bxe4 c4+ 53.Kxc4 fxe4 54.h3 {#r} 1-0

[Event "It (open)"]
[Site "masterchessopen.com - Koszalin (Poland)"]
[Round "9"]
[White "Czakon Jakub (POL)"]
[Black "Mickiewicz Piotr (POL)"]
[Result "1-0"]
[WhiteElo "2477"]
[BlackElo "2326"]

1.d4 Nf6 2.c4 g6 3.Nc3 Bg7 4.e4 d6 5.Nf3 O-O 6.Be2 c5 7.d5 e6 8.O-O exd5
9.cxd5 Re8 10.Nd2 Na6 11.f3 Nc7 12.a4 b6 13.Nc4 Ba6 14.Rb1 Nh5 15.g4 Nf6
16.Bf4 Bxc4 17.Bxc4 a6 18.Qd2 Qd7 19.b4 b5 20.bxc5 bxc4 21.cxd6 Ncxd5 22.Nxd5
Nxd5 23.Qxd5 Qxa4 24.d7 Red8 25.Bg5 c3 26.Bxd8 Rxd8 27.Rb7 Bd4+ 28.Kh1 Kg7
29.Rc7 c2 30.Rc4 Qxd7 31.Rxd4 Qxd5 32.Rxd5 Rb8 33.Ra5 Kf6 34.f4 Rb4 35.Rxa6+
Kg7 36.Rc1 Rb1 37.Ra1 Rb2 38.Kg2 {#r} 1-0

[Event "It (open)"]
[Site "masterchessopen.com - Koszalin (Poland)"]
[Round "8"]
[White "Jedynak Radoslaw (POL)"]
[Black "Moranda Wojciech (POL)"]
[Result "1-0"]
[WhiteElo "2431"]
[BlackElo "2451"]

1.d4 Nf6 2.c4 c5 3.d5 e6 4.Nc3 exd5 5.cxd5 d6 6.Nf3 g6 7.Nd2 Bg7 8.e4 O-O
9.Be2 Re8 10.O-O Na6 11.f3 Nc7 12.a4 b6 13.Nc4 Ba6 14.Rb1 Bxc4 15.Bxc4 Nd7
16.Nb5 Rf8 17.Bd2 Ne8 18.b4 f5 19.bxc5 Nxc5 20.exf5 Rxf5 21.Be3 Qh4 22.f4 Ne4
23.Bd3 N8f6 24.Rf3 Qh5 25.Qc2 Re8 26.Rh3 Qg4 27.Be2 Qxh3 28.gxh3 Nxd5 29.Bc4
{#r} 1-0

[Event "It (open)"]
[Site "masterchessopen.com - Krakow (Poland)"]
[Date "2005.12.30"]
[Round "4"]
[White "Korobov Anton (UKR)"]
[Black "Moranda Wojciech (POL)"]
[Result "1-0"]
[WhiteElo "2537"]
[BlackElo "2451"]

{ Korobov Anton (UKR) +1 =0 -0 Moranda Wojciech (POL) +0 =1 -2 } 1.d4 Nf6 2.c4
c5 3.d5 e6 4.Nc3 exd5 5.cxd5 d6 6.Nf3 g6 7.Nd2 Bg7 8.e4 O-O 9.Be2 Re8 10.O-O
Na6 11.f3 Nc7 12.a4 Nd7 { ?/= } ( 12...b6 13.Nc4 Ba6 14.Rb1 Bxc4 15.Bxc4 Nd7
16.Nb5 Rf8 17.Bd2 Ne8 18.b4 f5 19.bxc5 Nxc5 20.exf5 Rxf5 21.Be3 Qh4 22.f4 Ne4
23.Bd3 N8f6 24.Rf3 Qh5 25.Qc2 Re8 26.Rh3 Qg4 27.Be2 Qxh3 28.gxh3 Nxd5 29.Bc4 {
1-0, Jedynak Radoslaw 2394 - Moranda Wojciech 2453 , Koszalin 8.2005 It (open)
} ) 13.Nc4 ( 13.Kh1 b6 14.Nc4 Ne5 15.Ne3 Rb8 ( 15...f5 16.f4 Nf7 17.exf5 gxf5
18.Bd3 Nh6 19.Qc2 Qf6 20.Bd2 Bd7 21.Rf3 Kh8 22.Raf1 Re7 23.Rh3 Qf7 24.Nc4 Qg6
25.Rg3 Ng4 26.h3 h5 27.Ne3 Nxe3 28.Rxg6 Nxc2 29.Bxc2 Ne8 30.Rg5 Nf6 31.Bxf5
Bxf5 32.Rxf5 Rae8 { ...1/2-1/2, Kramnik Vladimir 2809 - Topalov Veselin 2733 ,
Monaco 2001 It "Melody Amber" (active) } ) 16.f4 Nd7 17.e5 dxe5 18.f5 Nf6
19.d6 Na6 20.Ned5 Nxd5 21.Qxd5 gxf5 22.d7 Bxd7 23.Bxa6 Be6 24.Qxd8 Rbxd8
25.Bb5 Re7 26.g3 Rd6 27.Bg5 f6 28.Be3 Bc8 29.Kg1 f4 30.gxf4 Bh6 31.Bc4+ Kh8
32.Rad1 Rdd7 { ...1-0, Korobov Anton 2572 - Oleksienko Mikhailo 2454 , Kharkov
29. 8.2004 Ch Ukraine } ) 13...Ne5 14.Bf4 ( 14.Ne3 f5 15.exf5 gxf5 16.f4 Nf7
17.Kh1 b6 18.Bd3 Nh6 19.Qh5 Rf8 20.Bd2 Qf6 21.Rf3 Qg6 22.Qh4 Qf6 23.Qh3 Ba6
24.Bc2 Kh8 25.Rg3 Rae8 26.Rg1 Bc8 27.Ncd1 Qf7 28.Rg5 b5 29.Rh5 Nxd5 30.Nxd5
Qxd5 31.Bc3 Bxc3 32.Qxc3+ Qd4 33.Qxd4+ cxd4 { ...1-0, Rytov Boris 2400 -
Beliavsky Alexander G 2660 , Vitebsk 1970 Ch URS (1/2 final) } ) ( 14.Be3 Nxc4
15.Bxc4 Rb8 16.Qd2 Bf6 17.Rfe1 b6 18.Bf2 a6 19.f4 b5 20.axb5 axb5 21.Bf1 b4
22.Na4 Bg7 23.e5 dxe5 24.d6 Be6 25.fxe5 c4 26.Bb6 Rxb6 27.Nxb6 Nb5 28.Qf2 Qg5
29.Nxc4 f6 30.Nb6 fxe5 31.Bxb5 Rf8 32.Ra8 Rxa8 33.Nxa8 Qd8 { ...1-0, Soldatov
R - Oleksienko Mikhailo 2454 , Kiev 1998 Ch Ukraine (juniors) (under 12) } )
14...Nxc4 ( 14...b6 15.Nxe5 Bxe5 16.Bxe5 Rxe5 17.f4 Re8 18.Bd3 f5 19.g4 Qf6
20.e5 dxe5 21.d6 e4 22.Bb5 Nxb5 23.Nxb5 Be6 24.Nc7 Bc4 25.Nxa8 Rxa8 26.Rc1 Bd3
27.Qb3+ Qf7 28.Qxf7+ Kxf7 29.gxf5 gxf5 30.Rfe1 Rg8+ 31.Kf2 Rg4 32.Ke3 Rh4
33.Rg1 Rxh2 34.Rce1 { ...0-1, Camara Helder 2405 - Quinteros Miguel A 2465 ,
Sao Paulo 1972 Zt } ) 15.Bxc4 a6 ( 15...b6 16.Qd2 a6 17.Rab1 Qf6 18.Ne2 b5
19.Bg5 Qe5 20.Bd3 f6 21.Bf4 Qe7 22.b4 c4 23.Bc2 f5 24.Nd4 Qf6 25.Rbd1 Bd7
26.a5 Rf8 27.Bg5 Qf7 28.Bh6 Rae8 29.Ne2 Bxh6 30.Qxh6 fxe4 31.Bxe4 Re5 32.Qe3
Ne8 33.Nc3 Qg7 34.Qd4 Re7 35.Qxg7+ { ...1/2-1/2, Petran Pal 2405 - Martinovic
Slobodan 2451 , Smederevska Palanka 1987 Cup European Club } ) 16.Qb3 { +0.60
CAP N } ( 16.Qd3 Rb8 17.Rab1 ( 17.Rfe1 Qf6 18.Bg3 Qd4+ 19.Qxd4 Bxd4+ 20.Kh1 b5
21.axb5 axb5 22.Bf1 Rb6 23.Ra7 b4 24.Na4 Rb7 25.Rxb7 Bxb7 26.b3 Be5 27.f4 Bd4
28.Nb6 Bc3 29.Rd1 Rxe4 30.f5 Rd4 31.Rxd4 Bxd4 32.fxg6 hxg6 33.Bxd6 Nxd5 34.Nd7
Ne3 35.Bxc5 Bxc5 { ...1/2-1/2, Johannes Ronald - Powell J 2200 , Oxford 1967
Ch Great Britain (juniors) } ) 17...Qf6 18.Bg3 Bd7 19.a5 b5 20.axb6 Rxb6 21.e5
dxe5 22.Ne4 Qd8 23.Bf2 Bf8 24.Nxc5 Bb5 25.Ne4 Rb8 26.b3 f5 27.d6+ Bxc4
28.Qxc4+ Ne6 29.d7 Re7 30.Nc5 Kf7 31.Rbd1 Kf6 32.Rd6 Rb6 33.Rxb6 { 1-0, Hesse
Peter 2305 - Blackstone T, Ybbs 1968 It (open) } ) ( 16.Qd2 Rb8 17.a5 b5
18.axb6 Rxb6 19.Ra5 ( 19.Ra2 Rb4 20.Be2 Nb5 21.Bxb5 axb5 22.Ra7 Bd4+ 23.Kh1 {
1/2-1/2, Aguilar Juan 2309 - Carvajal Juan 2200 , Habana 1966 Olympiad } )
19...Rb4 20.Ra4 Bxc3 { 0-1, Bertok Mario 2281 - Tal Mikhail 2650 , Bled 1961
It } ) 16...Qe7 17.Qb6 Rd8 18.Rad1 Ne8 19.Rfe1 Kf8 { ?! } ( 19...Bd7 20.a5
Bd4+ 21.Be3 Be5 { } ) 20.a5 f6 { ?! } ( 20...Bd4+ 21.Be3 Be5 22.Bxc5 dxc5 { }
) 21.Bg3 { ?! } ( 21.Na4 g5 22.Bg3 g4 23.Qb3 { } ) 21...Qc7 22.Na4 Qxb6
23.Nxb6 Rb8 24.f4 Bh6 25.e5 Bg4 26.e6 Ke7 27.Rd2 Bf5 28.Rf2 Ng7 { ?! } (
28...Nc7 29.b4 cxb4 30.Rb2 Na8 { } ) 29.Bh4 { ?! } ( 29.h3 g5 30.fxg5 Bxg5
31.Kh2 { } ) 29...Nh5 30.Ref1 Rg8 { ?! } ( 30...Ng7 31.Re1 Nh5 32.Nd7 { } )
31.h3 Be4 32.Nd7 g5 33.fxg5 fxg5 34.Rf7+ Kd8 35.Be1 Rc8 36.g4 { } {#r} 1-0

[Event "It (open)"]
[Site "masterchessopen.com - Kranj (Slovenia)"]
[Date "2004.05.12"]
[Round "7"]
[White "Starcic Tadej (SLO)"]
[Black "Jeran Bostjan (SLO)"]
[Result "1-0"]
[WhiteElo "2159"]
[BlackElo "2033"]

1.d4 Nf6 2.c4 c5 3.d5 e6 4.Nc3 exd5 5.cxd5 d6 6.Nf3 g6 7.e4 Bg7 8.Be2 O-O
9.O-O Re8 10.Nd2 Na6 11.f3 Nc7 12.a4 b6 13.Nc4 Ba6 14.Bg5 Qd7 15.Qd2 Bxc4
16.Bxc4 a6 17.Qd3 h6 18.Bd2 Reb8 19.Rfe1 Nfe8 20.Qe2 Kh7 21.Kh1 Bd4 22.g4 Ng7
23.Qf1 f6 24.Bd3 b5 25.axb5 axb5 26.Rxa8 Rxa8 27.Bxb5 Nxb5 28.Qxb5 Qc7 29.Bf4
Rb8 30.Qe2 Qb6 31.Bc1 Qb3 32.Qd2 g5 33.h4 Be5 34.Qf2 Bxc3 35.bxc3 Qxc3 36.hxg5
hxg5 37.Kg2 Kg6 38.Bd2 Qd3 39.Qe3 Qc2 40.Re2 Rb2 41.Kf2 Rb3 42.Be1 Qb1 43.Qd2
Qa1 44.Qa2 Qd4+ 45.Kg2 c4 46.Qc2 Qc5 47.e5+ f5 48.Bc3 Qxd5 49.Rd2 Rxc3 50.Qxc3
Qxe5 51.Qxc4 fxg4 52.fxg4 Ne6 53.Qd3+ Kg7 54.Qxd6 Nf4+ 55.Kf3 Qc3+ 56.Ke4 Qb3
57.Qe7+ Kh6 {#r} 1-0

[Event "?"]
[Site "masterchessopen.com - Las Palmas (Spain)"]
[Round "0"]
[White "Vera Reynaldo (CUB)"]
[Black "Cramling Pia (SWE)"]
[Result "1-0"]
[WhiteElo "2492"]
[BlackElo "2425"]

1.d4 Nf6 2.Nf3 c5 3.d5 e6 4.c4 exd5 5.cxd5 d6 6.Nc3 g6 7.e4 Bg7 8.Be2 O-O
9.O-O Re8 10.Nd2 Na6 11.f3 Nc7 12.a4 b6 13.Nc4 Ba6 14.Bg5 h6 15.Bh4 Qd7 16.Bf2
Rab8 17.Re1 Bxc4 18.Bxc4 a6 19.Bf1 Rec8 20.g3 b5 21.axb5 axb5 22.Ra7 b4 23.Na4
Qd8 24.e5 Nfxd5 25.Bc4 dxe5 26.Qb3 Ra8 27.Rxa8 Rxa8 28.Rd1 Qe8 29.Nxc5 Nb6
30.Bd3 Kh7 31.Qxb4 Rb8 32.Qd2 Ne6 33.Nxe6 Qxe6 34.b4 Bf8 35.Rb1 Qc6 36.Qe2 Qc3
37.Kg2 Rd8 38.Rd1 Rb8 39.Be1 Qb3 40.Rb1 Qe6 41.h4 Nd5 42.h5 Nxb4 43.hxg6+ fxg6
44.Qe4 Nxd3 45.Rxb8 Nxe1+ 46.Qxe1 Bg7 47.g4 Qa2+ 48.Kg3 Qd5 49.Rb1 Bf6 50.Qe2
Qc6 51.Rd1 Qa4 52.Kg2 Bg7 53.Rd6 Qe8 54.Qc4 Qe7 55.Qd5 Qg5 56.Rd8 h5 57.Qg8+
Kh6 58.Rd7 Qf6 59.Rf7 hxg4 {#r} 1-0

[Event "Ch Netherlands"]
[Site "masterchessopen.com - Leeuwarden (Netherlands)"]
[Round "5"]
[White "Donner Jan-Hein (NED)"]
[Black "Van Baarle C John (NED)"]
[Result "0-1"]
[WhiteElo "2430"]
[BlackElo "2212"]

1.d4 Nf6 2.c4 e6 3.Nc3 c5 4.d5 exd5 5.cxd5 d6 6.Nf3 g6 7.e4 Bg7 8.Be2 O-O
9.O-O Re8 10.Nd2 Na6 11.f3 Nd7 12.Nc4 Ne5 13.Ne3 f5 14.f4 Nf7 15.exf5 gxf5
16.Bh5 Qf6 17.Nb5 Bd7 18.a4 Re4 19.Kh1 Rae8 20.Qb3 Rb4 21.Qd3 Ree4 22.Bxf7+
Kxf7 23.Nc3 Rxf4 24.Rxf4 Rxf4 25.Nc4 Nb4 26.Qe2 Rh4 27.g3 Rd4 28.Bf4 Bf8
29.Rd1 Nxd5 30.Nxd5 Bc6 31.Ne3 Qe6 32.Qf3 Bxd5 33.Nxd5 Qe4 {#R} 0-1

[Event "Ch Switzerland (open)"]
[Site "masterchessopen.com - Lenzerheide (Switzerland)"]
[Date "2010.07.10"]
[Round "3"]
[White "Kelecevic Nedeljko (SUI)"]
[Black "Meylan Pierre (SUI)"]
[Result "1-0"]
[WhiteElo "2299"]
[BlackElo "2084"]

1.d4 Nf6 2.c4 c5 3.d5 e6 4.Nc3 exd5 5.cxd5 d6 6.Nf3 g6 7.Nd2 Bg7 8.e4 O-O
9.Be2 Re8 10.O-O Na6 11.f3 Nc7 12.a4 b6 13.Kh1 Rb8 14.Rb1 a6 15.b4 cxb4
16.Rxb4 Nh5 17.Ndb1 a5 18.Rb3 f5 19.g4 Nf6 20.gxf5 gxf5 21.Rg1 Kh8 22.Bg5 Qe7
23.Nd2 Na6 24.Nb5 Bd7 25.Re3 Qf8 26.Bf4 Bxb5 27.Bxb5 Nh5 28.Bg5 Bd4 29.Nb3
Bxe3 30.Bxe3 Nc5 31.Bxe8 Rxe8 32.Bd4+ Re5 33.Nxc5 bxc5 34.Bxe5+ dxe5 35.d6
fxe4 36.d7 Qd8 37.fxe4 Nf6 38.Qd6 Nxd7 39.Qd5 Qf8 40.Kg2 Qf4 41.Rf1 Qg4+
42.Kh1 Qe2 43.Rf7 Qe1+ 44.Kg2 Qe2+ 45.Rf2 Qg4+ 46.Kh1 Qg7 47.Rf7 Nf6 48.Qd8+
{#r} 1-0

[Event "It (open)"]
[Site "masterchessopen.com - Lienz (Austria)"]
[Round "0"]
[White "Kofler Franz (GER)"]
[Black "Jurkovic Ante (CRO)"]
[Result "1-0"]
[WhiteElo "1900"]
[BlackElo "2346"]

1.d4 Nf6 2.c4 c5 3.d5 e6 4.Nc3 exd5 5.cxd5 d6 6.e4 g6 7.Nf3 Bg7 8.Be2 O-O
9.O-O Re8 10.Nd2 Na6 11.f3 Nc7 12.a4 b6 13.Nc4 Ba6 14.Bf4 Nh5 15.Bd2 Bd4+
16.Kh1 Bxc4 17.Bxc4 Qh4 18.Qe1 Qe7 19.g4 Nf6 20.Qh4 Nd7 21.Qg3 a6 22.Rae1 Ne5
23.Be2 f6 24.f4 Nf7 25.Bc4 Qd7 26.Bb3 b5 27.a5 Re7 28.Bc2 b4 29.Na4 Rae8
30.Nb6 Qd8 31.Nc4 Nb5 32.h4 Kh8 33.Re2 Rg8 34.g5 f5 35.Rfe1 Rge8 36.Qg2 fxe4
37.Rxe4 Bg7 38.h5 Nd4 39.Bb1 Nf5 40.hxg6 hxg6 41.Re6 Kg8 42.Bxf5 gxf5 43.b3
Nh8 44.Kh2 Rxe6 45.dxe6 d5 46.Nb6 Ng6 47.Nd7 Bd4 48.Qxd5 Qe7 49.Kg3 Qh7 50.Rh1
Ne7 51.Qf3 Qg7 52.Rh6 Rc8 53.Qd3 Rc6 54.Nf6+ {#r} 1-0